000 00809nam a2200193Ia 4500
008 151121s9999||||xx |||||||||||||| ||und||
082 _a891।439 / कुंभार
082 _bHNW-77067
100 _aकुंभार नागोराव - संपा।
245 _aमुस्लिम साहित्य व समाज चिंतन
260 _b"प्रबोधन, लातूर।"
260 _c--
300 _a111
600 _aकुंभार नागोराव - संपा।
630 _aमुस्लिम साहित्य व समाज चिंतन
700 _aकुंभार नागोराव - संपा।
730 _aमुस्लिम साहित्य व समाज चिंतन
942 _cBOOK
999 _c1258488
_d1258485